=LDR 00000nam 2200000 4500 =001 INLIS000000000005644 =005 20251020110056 =035 ##$$a 0010-1025000699 =007 ta =008 251020###########################0#ind## =082 ##$$a 363.96 =084 ##$$a 363.96 SYA m =100 #$$a Syahrir =245 1#$$a Mengenal Program Keluarga Berencana sebagai Salah Satu Kebijaksanaan Kependudukan /$c Badan Koordinasi Keluarga Berencana Nasional =260 ##$$a Banjarmasin :$b Badan Koordinasi Keluarga Berencana Nasional,$c 1986 =300 ##$$a 17 Hal : $b Ilus ; $c 21 =650 #4$$a Keluarga Berencana =856 ##$$a Perpustakaan Kemendukbangga